000 00434nam a2200157Ia 4500
008 210719s1928 xx 000 0 und d
041 _aeng
082 _a820.22 TAGS
100 _aTAGORE (Rabindranath)
245 _aSacrifice: and other plays.
260 _aLondon
_bMacmillan & Co. Ltd.
_c1928
300 _av,256
_bHB
365 _cRs
650 _aEnglish Drama
906 _aSanyasi Ascetic Malini Sacrifice King and the Queen
999 _c214097
_d214097